000 00458nam a2200169 i 4500
001 26486
003 ES-MaACL
005 20230906153442.0
007 t|
008 030109s1970 sp ||||1| cat d
100 1 _aArquimbau, Rosa María.
_923200
245 1 3 _aLa pau és un interval /
_cRosa María Arquimbau.
250 _a[1ª ed.].
260 _a[Barcelona :
_bPáortic,
_c1970]
300 _a130 p. ;
_c18 cm.
852 _aES-MaACL
_jC-44894
_bR.74556
999 _c26486
_d26486